000 01310cam a2200325 a 4500
999 _c3530
_d3530
001 15497741
003 GZU
005 20201202095033.0
008 081024s2009 dcua b i001 0 eng
010 _a 2008044500
020 _a9780821372555
020 _a0821372556
035 _a(OCoLC)ocn183259293
035 _a(OCoLC)183259293
040 _aDLC
_cDLC
_dBTCTA
_dBAKER
_dYDXCP
_dC#P
_dAGL
_dBWX
_dCDX
_dDLC
050 0 0 _aHD82
_b.Y87 2009
070 0 _aHD 82
_b.YUS 2009
082 0 0 _a338.9
_222
100 1 _aYusuf, Shahid,
_d1949-
245 1 0 _aDevelopment economics through the decades :
_ba critical look at 30 years of the world development report /
_cShahid Yusuf ; with Angus Deaton ... [et al.].
260 _aWashington, D.C. :
_bWorld Bank,
_cc2009.
300 _axiv, 188 p. :
_bill. ;
_c24 cm.
504 _aIncludes bibliographical references (p. 157-182) and index.
505 0 _aA star is born -- Freeing the world of poverty -- How much farther can we see? -- Where to now?
650 0 _aDevelopment economics.
700 1 _aDeaton, Angus.
906 _a7
_bcbc
_corignew
_d1
_eecip
_f20
_gy-gencatlg
942 _2lcc
_cBK
_h82
_iYUS
_kHD